• 首页
  • 本馆介绍
  • 公告通知
  • 最新文献
  • 馆藏检索
  • 电子资源
  • 读者导购
  • 参考咨询
  • 我的图书馆
  • 登录
  • 详细信息显示
  • 放入我的书架
  • 预约/预借图书
  • 作者相关作品
  • 分类相关作品
  • 丛书相关作品
  • 出版社相关作品

书目信息

  • 表格格式
  • 工作单格式
  • 卡片格式
题名:
西班牙简史
    
 
作者: 张德政 编著
分册:  
出版信息: 北京   商务印书馆  1984
页数: 99页
开本: 19cm
丛书名:
单 册:
中图分类: K551.0
科图分类:
主题词: 现代史-西班牙
电子资源:
ISBN:
000 00641nam0 2200241 45
001 0184012338
005 20060424163352.35
010    @dCNY0.35
091    @a11017.630
100    @a19950313d1984 em y0chiy0121 ea
101 0  @achi
102    @aCN@b110000
105    @ay z 000yy
200 10 @a西班牙简史@Axi ban ya jian shi@f张德政编著@Fzhang de zheng bian zhu
210    @a北京@c商务印书馆@d1984
215    @a99页@d19cm
606    @a现代史-西班牙
607    @a西班牙-现代史
690    @aK551.0@v3
701  0 @a张德政@Azhang de zheng@4编著
801  2 @aCN@bNLC@c20060424
801  0 @aCN@b上海图书馆@c20040510
905    @dK551.0@e3
    
    西班牙简史/张德政编著.-北京:商务印书馆,1984
    99页;19cm
    
    
    ISBN :CNY0.35
    
●
相关链接 在E读中查询图书 在五车中查询图书 在当当中查询图书 在豆瓣中查询图书


正题名:西班牙简史     索取号:K551.0/3         预约/预借

序号 登录号 条形码 馆藏地/架位号 状态 备注
1 0134122   001411895   第二借阅区/ [索取号:K551.0/3] 在馆    
2 0134123   202281958   密集书库/ [索取号:K551.0/3] 在馆    
3 0134124   202281985   密集书库/ [索取号:K551.0/3] 在馆    
4 0134125   001411939   第二借阅区/ [索取号:K551.0/3] 在馆    
5 0134126   001411859   第二样本阅览室/ [索取号:K551.0/3] 在馆    
唐山师范学院图书馆 欢迎您!
大连网信软件有限公司© 版权所有